Hydrometallurgy in extraction processes

Salvato in:
Dettagli Bibliografici
Autori principali: Gupta, C. K (Autore), Mukherjee, T. K (Autore)
Natura: Libro
Lingua:inglese
Pubblicazione: Boca Ratón CRC 1990
Soggetti:
Tags: Aggiungi Tag
Nessun Tag, puoi essere il primo ad aggiungerne!!

MARC

LEADER 00000nam a2200000 a 4500
001 UCM1206
003 CL-VaPUC
008 020328e19900000US |||||||||||||||||eng|d
082 0 4 |a 669.0283  |b GUP  |2 21 
100 0 |a Gupta, C. K  |e author  |9 468182 
700 0 |a Mukherjee, T. K  |e author  |9 468183 
245 1 0 |a Hydrometallurgy in extraction processes 
300 |a v 
942 |c BK 
945 |d 20020328 00:00:00  |a vberengu 
260 |a Boca Ratón  |b CRC  |c 1990 
650 0 |a Hidrometalurgia  |9 352265 
650 7 |a METALURGIA EXTRACTIVA  |2 CL-VaPUC  |9 340474 
583 |a last modification  |c 20020328 00:00:00  |k Rodrigo Vera 
999 |c 299806  |d 299804 
952 |0 0  |1 0  |4 0  |6 669_028300000000000_GUP_1990  |7 0  |8 A  |9 356749  |a BIBING  |b BIBING  |d 2019-11-21  |h v.2  |i 3802108  |l 1  |o 669.0283 GUP 1990  |p 3802108  |r 2025-01-20  |s 2024-10-16  |w 2019-11-21  |y BK  |k ING